000 00772cam a2200289 4500
008 090401t1997 xxu||||| |||| 00| 0 eng d
020 _a0582294614
035 _a(Sirsi) u78002
041 _aeng
050 _a658.404
100 _aKwakye, A. A.
245 _aConstruction project administration in practice
260 _aHarlow
_bAddison Wesley Longman
_c1997
300 _ax, 340p. ; 24cm.
350 _a18.99
650 _aCONSTRUCTION MANAGEMENT
_96230
650 _aCONSTRUCTION PROCUREMENT
650 _aCONSTRUCTION PROJECTS
650 _aCOST CONTROL
650 _aDESIGN AND BUILD
650 _aFAST TRACK
650 _aFINAL ACCOUNTS
650 _aPROCUREMENT METHODS
690 _aBUILT ENVIRONMENT
942 _n0
948 _c28/04/1997
999 _c96380
_d96380